Capitals of 20 Highest Ranking FIFA Women's Countries - Statistics

General Stats
  • This quiz has been taken 439 times
  • The average score is 15 of 20
Answer Stats
Country Capital % Correct
United States Washington, DC
97%
England London
96%
Germany Berlin
93%
France Paris
93%
Spain Madrid
91%
Brazil Brasilia
88%
Sweden Stockholm
86%
Japan Tokyo
86%
Netherlands Amsterdam
85%
Norway Oslo
84%
Italy Rome
83%
Canada Ottawa
82%
Australia Canberra
78%
China Beijing
73%
Denmark Copenhagen
67%
South Korea Seoul
67%
Switzerland Bern
63%
New Zealand Wellington
53%
North Korea Pyongyang
27%
Iceland Reykjavik
26%
No matching quizzes found
Score Distribution
Percent of People with Each Score
Percentile by Number Answered
Your Score History
You have not taken this quiz